000 00607nam a2200229Ia 4500
003 OSt
005 20221007071707.0
006 a|||||r|||| 00| 0
007 ta
008 221006b |||||||| |||| 00| 0 eng d
024 _a16,539
037 _cTextual
040 _aFLL
_cFLL
_beng
041 _2eng
_aeng
082 _aY1OL:5, K5
100 _aMckeown T. Au.
_9689227
245 0 _aMedicine in modern society
260 _aLondon
_bGeorge allen and unwin ltd. England
_c1965
300 _a234p
_ccm.
942 _hY1OL:5, K5
_cTEXL
_2CC
999 _c1143994
_d1143994